01454nam a2200361Ia 4500001001200000003000800012006001900020007001500039008004100054010001700095020001500112040002100127035002000148050002200168082001200190245014200202260005200344300001600396490004400412504005100456533015200507650005000659650004400709650004600753655002900799700002700828700002400855700001900879710001700898830003400915856012600949999001701075ebr10074863CaPaEBRm u cr cn|||||||||041104s2005 pau sb 001 0 eng d z 2004062250 z1588116107 aCaPaEBRcCaPaEBR a(OCoLC)7077387614aP295b.V47 2005eb04a41522200aVerb firsth[electronic resource] :bon the syntax of verb initial languages /cedited by Andrew Carnie, Heidi Harley, Shiela Ann Dooley. aPhiladelphia, PA :bJohn Benjamins Pub.,c2005. axiv, 431 p.1 aLinguistik aktuell,x0166-0829 ;vv. 73 aIncludes bibliographical references and index. aElectronic reproduction.bPalo Alto, Calif. :cebrary,d2009.nAvailable via World Wide Web.nAccess may be limited to ebrary affiliated libraries. 0aGrammar, Comparative and generalxWord order. 0aGrammar, Comparative and generalxVerb. 0aGrammar, Comparative and generalxSyntax. 7aElectronic books.2local1 aCarnie, Andrew,d1969-1 aDooley, Sheila Ann.1 aHarley, Heidi.2 aebrary, Inc. 0aLinguistik aktuell ;vBd. 73.40uhttp://site.ebrary.com/lib/rucke/Doc?id=10074863zAn electronic book accessible through the World Wide Web; click to view c45092d45092